000
00289nam a2200121Ia 4500
100
_a
Karandikar/ R.G
942
_c
BK
654
_a
electronic
245
_a
Electronic Circuits Analysis and Design-1with Practicals
260
_b
Nandu
_a
New york
_c
2003
300
_a
406
546
_a
ENGLISH
999
_c
30164
_d
30164